[Event "Kadettlandskamp NOR-SWE A 2018"]
[Site "NTG, Bærum, Norway"]
[Date "2018.12.16"]
[Round "10.1"]
[White "Carlsson, Ludvig"]
[Black "Nordquelle, Daniel"]
[Result "0-1"]
[WhiteTitle "CM"]
[BlackTitle "FM"]
[WhiteFideId "1727010"]
[BlackFideId "1519042"]
[WhiteElo "1978"]
[BlackElo "2020"]

1. d4 {[%clk 00:15:17]} {[%emt 00:00:02]} d5 {[%clk 00:15:15]} {[%emt
00:00:06]} 2. Nf3 {[%clk 00:15:21]} {[%emt 00:00:05]} e6 {[%clk 00:15:22]}
{[%emt 00:00:04]} 3. Bf4 {[%clk 00:15:23]} {[%emt 00:00:07]} Nf6 {[%clk
00:15:30]} {[%emt 00:00:01]} 4. e3 {[%clk 00:15:30]} {[%emt 00:00:04]} Be7
{[%clk 00:15:34]} {[%emt 00:00:06]} 5. h3 {[%clk 00:15:27]} {[%emt 00:00:13]}
Nbd7 {[%clk 00:15:29]} {[%emt 00:00:15]} 6. c3 {[%clk 00:15:34]} {[%emt
00:00:03]} Ne4 {[%clk 00:15:21]} {[%emt 00:00:18]} 7. Nbd2 {[%clk 00:15:18]}
{[%emt 00:00:25]} f5 {[%clk 00:15:31]} 8. Bd3 {[%clk 00:14:48]} {[%emt
00:00:41]} O-O {[%clk 00:15:34]} {[%emt 00:00:07]} 9. Qe2 {[%clk 00:14:35]}
{[%emt 00:00:22]} c6 {[%clk 00:15:38]} {[%emt 00:00:06]} 10. g4 {[%clk
00:14:16]} {[%emt 00:00:29]} Bh4 {[%clk 00:13:36]} {[%emt 00:02:11]} 11. Nxh4
{[%clk 00:13:28]} {[%emt 00:00:58]} Qxh4 {[%clk 00:13:41]} {[%emt 00:00:06]} 12.
Nf3 {[%clk 00:13:24]} {[%emt 00:00:14]} Qf6 {[%clk 00:12:38]} {[%emt 00:01:13]}
13. gxf5 {[%clk 00:11:13]} {[%emt 00:02:21]} exf5 {[%clk 00:11:30]} {[%emt
00:01:18]} 14. Ne5 {[%clk 00:11:13]} {[%emt 00:00:10]} Nxe5 {[%clk 00:11:31]}
{[%emt 00:00:09]} 15. Bxe5 {[%clk 00:11:20]} {[%emt 00:00:03]} Qh4 {[%clk
00:11:40]} {[%emt 00:00:01]} 16. Rh2 {[%clk 00:11:27]} {[%emt 00:00:03]} Be6
{[%clk 00:10:51]} {[%emt 00:00:58]} 17. O-O-O {[%clk 00:11:17]} {[%emt
00:00:22]} f4 {[%clk 00:06:26]} {[%emt 00:04:34]} 18. exf4 {[%clk 00:10:39]}
{[%emt 00:00:48]} Rxf4 {[%clk 00:06:24]} {[%emt 00:00:12]} 19. f3 {[%clk
00:10:27]} {[%emt 00:00:22]} Ng3 {[%clk 00:04:29]} {[%emt 00:02:05]} 20. Qg2
{[%clk 00:09:46]} {[%emt 00:00:51]} Raf8 {[%clk 00:01:24]} {[%emt 00:03:15]} 21.
Bxf4 {[%clk 00:06:58]} {[%emt 00:02:58]} Qxf4+ {[%clk 00:01:30]} {[%emt
00:00:04]} 22. Kc2 {[%clk 00:07:05]} {[%emt 00:00:03]} Nf5 {[%clk 00:01:38]}
{[%emt 00:00:03]} 23. Bxf5 {[%clk 00:06:44]} {[%emt 00:00:31]} Bxf5+ {[%clk
00:01:47]} {[%emt 00:00:01]} 24. Kb3 {[%clk 00:06:50]} {[%emt 00:00:03]} Re8
{[%clk 00:01:57]} 25. Rg1 {[%clk 00:05:12]} {[%emt 00:01:48]} g6 {[%clk
00:02:04]} {[%emt 00:00:03]} 26. Qd2 {[%clk 00:05:20]} {[%emt 00:00:02]} Qxf3
{[%clk 00:00:55]} {[%emt 00:01:19]} 27. h4 {[%clk 00:04:51]} {[%emt 00:00:40]}
h5 {[%clk 00:00:32]} {[%emt 00:00:33]} 28. Rf2 {[%clk 00:04:51]} {[%emt
00:00:10]} Qe4 {[%clk 00:00:40]} {[%emt 00:00:02]} 29. Qg5 {[%clk 00:04:23]}
{[%emt 00:00:37]} Kh7 {[%clk 00:00:39]} {[%emt 00:00:11]} 30. a3 {[%clk
00:02:44]} {[%emt 00:01:50]} c5 {[%clk 00:00:28]} {[%emt 00:00:21]} 31. Qf6
{[%clk 00:02:42]} {[%emt 00:00:12]} c4+ {[%clk 00:00:27]} {[%emt 00:00:11]} 32.
Ka2 {[%clk 00:02:50]} Re6 {[%clk 00:00:13]} {[%emt 00:00:24]} 33. Qf7+ {[%clk
00:02:43]} {[%emt 00:00:17]} Kh6 {[%clk 00:00:23]} 34. Qg8 {[%clk 00:01:54]}
{[%emt 00:00:59]} Re7 {[%clk 00:00:29]} {[%emt 00:00:04]} 35. Qh8+ {[%clk
00:01:12]} {[%emt 00:00:52]} Rh7 {[%clk 00:00:37]} {[%emt 00:00:02]} 36. Qf8+
{[%clk 00:01:20]} {[%emt 00:00:01]} Rg7 {[%clk 00:00:47]} 37. Qd6 {[%clk
00:01:22]} {[%emt 00:00:09]} Rd7 {[%clk 00:00:40]} {[%emt 00:00:18]} 38. Qb8
{[%clk 00:00:54]} {[%emt 00:00:38]} Kh7 {[%clk 00:00:40]} {[%emt 00:00:09]} 39.
Qxa7 {[%clk 00:00:35]} {[%emt 00:00:29]} Qxh4 {[%clk 00:00:48]} {[%emt
00:00:01]} 40. Re2 {[%clk 00:00:44]} {[%emt 00:00:02]} Re7 {[%clk 00:00:38]}
{[%emt 00:00:21]} 41. Rxe7+ Qxe7 {[%clk 00:00:46]} 42. Qc5 {[%clk 00:00:38]}
{[%emt 00:00:02]} Qf7 {[%clk 00:00:31]} {[%emt 00:00:24]} 43. Re1 {[%clk
00:00:46]} {[%emt 00:00:03]} Be4 {[%clk 00:00:36]} {[%emt 00:00:06]} 44. Qd6
{[%clk 00:00:40]} {[%emt 00:00:16]} h4 {[%clk 00:00:34]} {[%emt 00:00:12]} 45.
Qd8 {[%clk 00:00:27]} {[%emt 00:00:22]} Qf2 {[%clk 00:00:31]} {[%emt 00:00:13]}
46. Qe7+ {[%clk 00:00:21]} {[%emt 00:00:16]} Kh6 {[%clk 00:00:41]} 47. Rc1
{[%clk 00:00:16]} {[%emt 00:00:16]} h3 {[%clk 00:00:45]} {[%emt 00:00:05]} 48.
Qd8 {[%clk 00:00:19]} {[%emt 00:00:07]} h2 {[%clk 00:00:49]} {[%emt 00:00:06]}
49. Qh8+ {[%clk 00:00:27]} {[%emt 00:00:02]} Kg5 {[%clk 00:00:58]} 50. Qe5+
{[%clk 00:00:36]} {[%emt 00:00:03]} Kg4 {[%clk 00:00:51]} {[%emt 00:00:15]} 51.
Qh8 {[%clk 00:00:19]} {[%emt 00:00:28]} Qg2 {[%clk 00:00:42]} {[%emt 00:00:19]}
52. Qc8+ {[%clk 00:00:17]} {[%emt 00:00:12]} Bf5 {[%clk 00:00:31]} {[%emt
00:00:22]} 53. Qh8 {[%clk 00:00:24]} {[%emt 00:00:01]} Qh3 {[%clk 00:00:31]}
{[%emt 00:00:11]} 54. Qe5 {[%clk 00:00:12]} {[%emt 00:00:23]} h1=Q {[%clk
00:00:32]} {[%emt 00:00:10]} 55. Rxh1 {[%clk 00:00:19]} {[%emt 00:00:02]} Qxh1
{[%clk 00:00:41]} {[%emt 00:00:01]} 56. a4 {[%clk 00:00:27]} {[%emt 00:00:03]}
Qb1+ {[%clk 00:00:42]} {[%emt 00:00:09]} 57. Ka3 {[%clk 00:00:35]} {[%emt
00:00:02]} Qa1+ {[%clk 00:00:51]} {[%emt 00:00:01]} 58. Kb4 {[%clk 00:00:44]}
{[%emt 00:00:01]} Qxb2+ {[%clk 00:00:59]} {[%emt 00:00:02]} 59. Ka5 {[%clk
00:00:42]} {[%emt 00:00:12]} Qxc3+ {[%clk 00:01:07]} {[%emt 00:00:01]} 60. Kb6
{[%clk 00:00:50]} {[%emt 00:00:02]} Qb4+ {[%clk 00:01:14]} {[%emt 00:00:02]} 61.
Ka7 {[%clk 00:00:58]} {[%emt 00:00:03]} Qxa4+ {[%clk 00:01:23]} {[%emt
00:00:02]} 62. Kb6 {[%clk 00:01:06]} {[%emt 00:00:02]} Qd1 {[%clk 00:01:24]}
{[%emt 00:00:08]} 63. Qxd5 {[%clk 00:01:10]} {[%emt 00:00:06]} Qf3 {[%clk
00:01:11]} {[%emt 00:00:23]} 64. Qe5 {[%clk 00:00:52]} {[%emt 00:00:29]} c3
{[%clk 00:01:13]} {[%emt 00:00:07]} 65. d5 {[%clk 00:00:56]} {[%emt 00:00:07]}
c2 {[%clk 00:01:19]} {[%emt 00:00:04]} 66. Qd4+ {[%clk 00:01:05]} Kh3 {[%clk
00:01:10]} {[%emt 00:00:17]} 67. Qg1 {[%clk 00:01:11]} {[%emt 00:00:05]} Qb3+
{[%clk 00:00:59]} {[%emt 00:00:22]} 68. Kc7 {[%clk 00:01:17]} {[%emt 00:00:03]}
Qc3+ {[%clk 00:01:03]} {[%emt 00:00:04]} 69. Kd8 {[%clk 00:01:13]} {[%emt
00:00:16]} c1=Q {[%clk 00:01:11]} {[%emt 00:00:03]} 70. Qxc1 {[%clk 00:01:22]}
{[%emt 00:00:02]} Qxc1 {[%clk 00:01:18]} {[%emt 00:00:03]} 71. d6 {[%clk
00:01:30]} Qc8+ {[%clk 00:01:27]} {[%emt 00:00:01]} 72. Ke7 {[%clk 00:01:38]}
{[%emt 00:00:02]} Qe6+ {[%clk 00:01:34]} {[%emt 00:00:02]} 73. Kd8 {[%clk
00:01:45]} {[%emt 00:00:04]} Qd7# {[%clk 00:01:44]} {[%emt 00:00:01]} 0-1

[Event "Kadettlandskamp NOR-SWE A 2018"]
[Site "NTG, Bærum, Norway"]
[Date "2018.12.16"]
[Round "10.2"]
[White "Tryggestad, Andreas"]
[Black "Törngren, Gustav"]
[Result "0-1"]
[WhiteTitle "FM"]
[WhiteFideId "1513338"]
[BlackFideId "1728970"]
[WhiteElo "2189"]
[BlackElo "1909"]

1. e4 {[%clk 00:15:18]} {[%emt 00:00:02]} c5 {[%clk 00:15:18]} {[%emt
00:00:02]} 2. c3 {[%clk 00:15:26]} {[%emt 00:00:02]} d5 {[%clk 00:15:26]}
{[%emt 00:00:02]} 3. exd5 {[%clk 00:15:35]} Qxd5 {[%clk 00:15:35]} {[%emt
00:00:01]} 4. d4 {[%clk 00:15:44]} g6 {[%clk 00:15:39]} {[%emt 00:00:06]} 5.
dxc5 {[%clk 00:15:48]} {[%emt 00:00:06]} Qxd1+ {[%clk 00:15:37]} {[%emt
00:00:11]} 6. Kxd1 {[%clk 00:15:56]} {[%emt 00:00:02]} Nf6 {[%clk 00:15:47]} 7.
Nf3 {[%clk 00:15:43]} {[%emt 00:00:24]} Bg4 {[%clk 00:15:54]} {[%emt 00:00:03]}
8. Bb5+ {[%clk 00:15:48]} {[%emt 00:00:04]} Nc6 {[%clk 00:15:49]} {[%emt
00:00:16]} 9. b4 {[%clk 00:15:26]} {[%emt 00:00:31]} Bg7 {[%clk 00:15:54]}
{[%emt 00:00:06]} 10. Kc2 {[%clk 00:15:21]} {[%emt 00:00:15]} O-O {[%clk
00:15:43]} {[%emt 00:00:20]} 11. Bxc6 {[%clk 00:14:31]} {[%emt 00:01:01]} Bf5+
{[%clk 00:15:07]} {[%emt 00:00:47]} 12. Kb3 {[%clk 00:13:14]} {[%emt 00:01:27]}
Be6+ {[%clk 00:13:25]} {[%emt 00:01:52]} 13. Kc2 {[%clk 00:11:57]} {[%emt
00:01:27]} Bf5+ {[%clk 00:13:29]} {[%emt 00:00:06]} 14. Kb2 {[%clk 00:11:32]}
{[%emt 00:00:34]} bxc6 {[%clk 00:13:36]} {[%emt 00:00:03]} 15. Nd4 {[%clk
00:11:42]} Nd5 {[%clk 00:07:02]} {[%emt 00:06:44]} 16. Nxf5 {[%clk 00:09:16]}
{[%emt 00:02:36]} gxf5 {[%clk 00:07:04]} {[%emt 00:00:08]} 17. Kb3 {[%clk
00:09:26]} a5 {[%clk 00:07:02]} {[%emt 00:00:12]} 18. Bb2 {[%clk 00:09:35]}
axb4 {[%clk 00:06:54]} {[%emt 00:00:18]} 19. cxb4 {[%clk 00:09:42]} {[%emt
00:00:02]} Bxb2 {[%clk 00:06:59]} {[%emt 00:00:06]} 20. Kxb2 {[%clk 00:09:50]}
{[%emt 00:00:02]} Nxb4 {[%clk 00:07:07]} {[%emt 00:00:02]} 21. Nd2 {[%clk
00:05:43]} {[%emt 00:04:17]} Nd3+ {[%clk 00:05:55]} {[%emt 00:01:22]} 22. Kc3
{[%clk 00:05:52]} Nxc5 {[%clk 00:06:03]} {[%emt 00:00:02]} 23. Rhe1 {[%clk
00:05:54]} {[%emt 00:00:08]} e6 {[%clk 00:05:44]} {[%emt 00:00:29]} 24. Kc4
{[%clk 00:04:15]} {[%emt 00:01:49]} Rfd8 {[%clk 00:05:35]} {[%emt 00:00:19]} 25.
Kxc5 {[%clk 00:02:02]} {[%emt 00:02:23]} Rxd2 {[%clk 00:05:44]} {[%emt
00:00:01]} 26. a4 {[%clk 00:02:11]} Rxf2 {[%clk 00:04:12]} {[%emt 00:01:42]} 27.
a5 {[%clk 00:02:21]} Ra6 {[%clk 00:03:40]} {[%emt 00:00:41]} 28. Reb1 {[%clk
00:02:30]} Rc2+ {[%clk 00:03:26]} {[%emt 00:00:23]} 29. Kd6 {[%clk 00:02:39]}
{[%emt 00:00:02]} Rd2+ {[%clk 00:03:33]} {[%emt 00:00:03]} 30. Kc7 {[%clk
00:02:28]} {[%emt 00:00:21]} Rd5 {[%clk 00:03:35]} {[%emt 00:00:07]} 31. Ra3
{[%clk 00:01:42]} {[%emt 00:00:57]} Rdxa5 {[%clk 00:03:17]} {[%emt 00:00:28]}
32. Rg3+ {[%clk 00:01:38]} {[%emt 00:00:14]} Kf8 {[%clk 00:03:27]} 33. Rh3
{[%clk 00:00:24]} {[%emt 00:01:24]} Kg7 {[%clk 00:03:25]} {[%emt 00:00:12]} 34.
Rbb3 {[%clk 00:00:25]} {[%emt 00:00:10]} f4 {[%clk 00:03:19]} {[%emt 00:00:16]}
35. Rh4 {[%clk 00:00:32]} {[%emt 00:00:02]} Rf5 {[%clk 00:02:09]} {[%emt
00:01:20]} 36. g4 {[%clk 00:00:26]} {[%emt 00:00:16]} fxg3 {[%clk 00:01:28]}
{[%emt 00:00:51]} 37. Rxg3 {[%clk 00:00:35]} Kf6 {[%clk 00:01:37]} {[%emt
00:00:01]} 38. Rh6+ {[%clk 00:00:23]} {[%emt 00:00:22]} Ke7 {[%clk 00:01:30]}
{[%emt 00:00:17]} 39. Rxh7 {[%clk 00:00:31]} {[%emt 00:00:02]} c5 {[%clk
00:01:34]} {[%emt 00:00:06]} 40. Rd3 {[%clk 00:00:33]} {[%emt 00:00:08]} Ra7+
{[%clk 00:01:04]} {[%emt 00:00:40]} 41. Kb6 {[%clk 00:00:33]} {[%emt 00:00:10]}
Rd7 {[%clk 00:01:12]} {[%emt 00:00:02]} 42. Rc3 {[%clk 00:00:42]} Rdd5 {[%clk
00:00:56]} {[%emt 00:00:26]} 43. h3 {[%clk 00:00:15]} {[%emt 00:00:37]} Rh5
{[%clk 00:00:36]} {[%emt 00:00:30]} 44. Rg7 {[%clk 00:00:24]} Rdg5 {[%clk
00:00:17]} {[%emt 00:00:30]} 45. Rxg5 {[%clk 00:00:31]} {[%emt 00:00:02]} Rxg5
{[%clk 00:00:26]} 46. Kb5 {[%clk 00:00:39]} {[%emt 00:00:02]} Rh5 {[%clk
00:00:27]} {[%emt 00:00:09]} 47. Kc4 {[%clk 00:00:45]} {[%emt 00:00:05]} Kf6
{[%clk 00:00:23]} {[%emt 00:00:13]} 48. Rf3+ {[%clk 00:00:54]} Rf5 {[%clk
00:00:30]} {[%emt 00:00:04]} 49. Rg3 {[%clk 00:01:02]} {[%emt 00:00:02]} Rg5
{[%clk 00:00:35]} {[%emt 00:00:05]} 50. Rf3+ {[%clk 00:01:09]} {[%emt
00:00:02]} Kg6 {[%clk 00:00:43]} {[%emt 00:00:03]} 51. Kd3 {[%clk 00:01:00]}
{[%emt 00:00:18]} Rh5 {[%clk 00:00:31]} {[%emt 00:00:23]} 52. Kc4 {[%clk
00:00:52]} {[%emt 00:00:18]} Rf5 {[%clk 00:00:36]} {[%emt 00:00:05]} 53. Rg3+
{[%clk 00:01:00]} {[%emt 00:00:01]} Kf6 {[%clk 00:00:39]} {[%emt 00:00:08]} 54.
Rg4 {[%clk 00:00:46]} {[%emt 00:00:24]} Rg5 {[%clk 00:00:26]} {[%emt 00:00:23]}
55. Rf4+ {[%clk 00:00:52]} {[%emt 00:00:04]} Rf5 {[%clk 00:00:31]} {[%emt
00:00:06]} 56. Rg4 {[%clk 00:01:01]} Rh5 {[%clk 00:00:34]} {[%emt 00:00:07]} 57.
Rf4+ {[%clk 00:01:06]} {[%emt 00:00:06]} Kg6 {[%clk 00:00:40]} {[%emt
00:00:03]} 58. Rf3 {[%clk 00:01:15]} {[%emt 00:00:01]} f6 {[%clk 00:00:41]}
{[%emt 00:00:09]} 59. Rg3+ {[%clk 00:01:13]} {[%emt 00:00:11]} Rg5 {[%clk
00:00:33]} {[%emt 00:00:20]} 60. Re3 {[%clk 00:01:22]} Kf7 {[%clk 00:00:33]}
{[%emt 00:00:11]} 61. Rd3 {[%clk 00:01:08]} {[%emt 00:00:22]} Rh5 {[%clk
00:00:35]} {[%emt 00:00:08]} 62. Rd7+ {[%clk 00:00:48]} {[%emt 00:00:30]} Kg6
{[%clk 00:00:45]} 63. Rd3 {[%clk 00:00:57]} {[%emt 00:00:02]} Re5 {[%clk
00:00:46]} {[%emt 00:00:07]} 64. Rg3+ {[%clk 00:00:59]} {[%emt 00:00:10]} Kf7
{[%clk 00:00:55]} {[%emt 00:00:01]} 65. Rd3 {[%clk 00:01:06]} {[%emt 00:00:02]}
Ke7 {[%clk 00:00:56]} {[%emt 00:00:09]} 66. Kb5 {[%clk 00:01:06]} {[%emt
00:00:11]} Rh5 {[%clk 00:00:41]} {[%emt 00:00:25]} 67. Kc4 {[%clk 00:00:57]}
{[%emt 00:00:18]} Re5 {[%clk 00:00:16]} {[%emt 00:00:36]} 68. Rg3 {[%clk
00:00:45]} {[%emt 00:00:22]} Kd6 {[%clk 00:00:18]} {[%emt 00:00:07]} 69. Rf3
{[%clk 00:00:23]} {[%emt 00:00:33]} Re4+ {[%clk 00:00:14]} {[%emt 00:00:14]} 70.
Kc3 {[%clk 00:00:29]} {[%emt 00:00:04]} Ke5 {[%clk 00:00:21]} {[%emt 00:00:02]}
71. Kd3 {[%clk 00:00:31]} {[%emt 00:00:08]} f5 {[%clk 00:00:23]} {[%emt
00:00:08]} 72. Rg3 {[%clk 00:00:36]} {[%emt 00:00:06]} Rh4 {[%clk 00:00:30]}
{[%emt 00:00:03]} 73. Ke2 {[%clk 00:00:41]} {[%emt 00:00:04]} Kd5 {[%clk
00:00:21]} {[%emt 00:00:19]} 74. Rd3+ {[%clk 00:00:46]} {[%emt 00:00:05]} Ke5
{[%clk 00:00:28]} {[%emt 00:00:04]} 75. Rc3 {[%clk 00:00:51]} {[%emt 00:00:05]}
c4 {[%clk 00:00:18]} {[%emt 00:00:20]} 76. Ra3 {[%clk 00:01:00]} {[%emt
00:00:01]} Kd4 {[%clk 00:00:23]} {[%emt 00:00:05]} 77. Rg3 {[%clk 00:00:49]}
{[%emt 00:00:21]} e5 {[%clk 00:00:19]} {[%emt 00:00:14]} 78. Kd2 {[%clk
00:00:58]} f4 {[%clk 00:00:15]} {[%emt 00:00:15]} 79. Ra3 {[%clk 00:01:06]}
{[%emt 00:00:02]} Rh8 {[%clk 00:00:18]} {[%emt 00:00:06]} 80. Ke2 {[%clk
00:01:09]} {[%emt 00:00:07]} Rb8 {[%clk 00:00:18]} {[%emt 00:00:10]} 81. h4
{[%clk 00:01:15]} {[%emt 00:00:05]} Rb2+ {[%clk 00:00:23]} {[%emt 00:00:05]} 82.
Kf3 {[%clk 00:01:22]} {[%emt 00:00:03]} Rb3+ {[%clk 00:00:30]} {[%emt
00:00:03]} 0-1